Nazwy skoczni z ostatnich 5 sezonów PŚ - Statystyki

Ogólne statystyki
  • Ten quiz został rozwiązany 57 razy
  • Średni wynik to 7 z 24
Statystyki odpowiedzi
Miasto nazwa skoczni % Poprawnych
Zakopane Wielka Krokiew / im. Stanisława Marusarza
94%
Wisła im. Adama Małysza / Malinka
92%
Planica Letalnica
71%
Sapporo Okurayama
47%
Innsbruck Bergisel
45%
Ruka/Kuusamo Rukatunturi
45%
Vikersund Vikersundbakken
43%
Oslo Holmenkollbakken / Holmenkollen
37%
Trondheim Granåsen
29%
Klingenthal Vogtland-Arena
29%
Titisee-Neustadt Hochfirstschanze
22%
Willingen Mühlenkopfschanze
22%
Oberstdorf (duża) Schattenbergschanze
22%
Lahti Salpausselkä
20%
Engelberg Gross-Titlis-Schanze
18%
Lillehammer Lysgårdsbakken
16%
Garmisch-Partenkirchen Olympiaschanze
12%
Bad Mitterndorf/Tauplitz Kulm-Skiflugschanze
10%
Bischofshofen im. Paula Ausserleitnera
8%
Pjongczang Alpensia Jumping Park
6%
Oberstdorf (mamut) im. Heiniego Klopfera
6%
Rasnov Trambulină Valea Cărbunării
6%
Predazzo Trampolino Giuseppe Dal Ben
4%
Niżny Tagił Tramplin Aist
2%
Nie znaleziono quizów pasujących do podanych kryteriów
Rozkład punktacji
Procent ludzi z każdym wynikiem
Percentyl według liczby udzielonych odpowiedzi
Twoja historia wyników
Nie rozwiązałeś tego quizu